00637nam a2200205Ia 4500003000900000008004100009040001300050040001300063041000800076100001600084245002900100250001100129260002700140260000900167300001000176300001000186490003500196490000700231600019300238IT-RoPAU120407s9999 xx 000 0 und d aIT-RoPAU cIT-RoPAU aita aErich Fromm aPsicanalisi e religione. aMilano aEdizioni di Comunità€ c1971 a99 p. c21 cm aSaggi di cultura contemporanea v13 a"Tit. orig.: Psychoanalysis and religion. Trad. U. Varnai. 2a ed. 1 - Psicanalisi 2 - Religione, Psicanalisi I - Varnai Ugo 150.195 BNI 71-8344"